[Event "Foment Martinenc op-A 17th"]
[Site "Barcelona"]
[Date "2015.06.20"]
[Round "9"]
[White "Torres Maiquez, Sergio"]
[Black "Orteu Capdevila, Max"]
[Result "1-0"]
[WhiteElo "1959"]
[BlackElo "2153"]
[PlyCount "45"]
[EventDate "2015.04.25"]
[EventType "swiss"]
[EventRounds "9"]
[EventCountry "ESP"]
[SourceTitle "EXT 2017"]
[Source "ChessBase"]
[SourceDate "2016.10.25"]
[SourceVersion "1"]
[SourceVersionDate "2016.10.25"]
[SourceQuality "1"]

1. e4 c5 2. Nf3 d6 3. d4 cxd4 4. Nxd4 Nf6 5. Nc3 a6 6. Be2 e6 7. Be3 Be7 8. a4 Qc7 9. f4 b6 10. 0-0 Bb7 11. Bf3 0-0 12. g4 Nc6 13. g5 Nd7 14. Bg2 Na5 15. Qh5 g6 16. Qh6 e5 17. Rf3 Rfc8 18. Rh3 Nf8 19. Nf5 gxf5 20. exf5 f6 21. Nd5 Qd7 22. gxf6 Bd8 23. Rg3+ 1-0

[Event "Foment Martinenc op-B 16th"]
[Site "Barcelona"]
[Date "2014.05.31"]
[Round "6"]
[White "Barragan Hernandez, Manel"]
[Black "Torres Maiquez, Sergio"]
[Result "0-1"]
[WhiteElo "1916"]
[BlackElo "2082"]
[PlyCount "64"]
[EventDate "2014.04.26"]
[EventType "swiss"]
[EventRounds "9"]
[EventCountry "ESP"]
[SourceTitle "EXT 2015"]
[Source "ChessBase"]
[SourceDate "2014.11.20"]
[SourceVersion "1"]
[SourceVersionDate "2014.11.20"]
[SourceQuality "1"]

1. e4 d5 2. exd5 Nf6 3. d4 Bg4 4. Be2 Bxe2 5. Qxe2 Qxd5 6. Nf3 Nc6 7. Nc3 Qf5 8. a3 0-0-0 9. Be3 e5 10. 0-0-0 exd4 11. Nxd4 Nxd4 12. Bxd4 Bc5 13. Bxc5 Qxc5 14. f3 Rde8 15. Qd3 Rd8 16. Qe2 Rhe8 17. Rxd8+ Rxd8 18. Rd1 Qg5+ 19. Kb1 Re8 20. Qf2 Qe3 21. Qh4 c6 22. Qc4 Qe6 23. Qd4 Kb8 24. Qf4+ Qe5 25. Qc4 Qxh2 26. Qxf7 Qxg2 27. Rd7 Re1+ 28. Rd1 Rxd1+ 29. Nxd1 Qg3 30. f4 Qg4 31. f5 Qxd1+ 32. Ka2 Qd5+ 0-1

[Event "Barcelona Sant Marti op-B 15th"]
[Site "Barcelona"]
[Date "2013.07.15"]
[Round "3"]
[White "Torres Maiquez, Sergio"]
[Black "Febrero Perez, Lluis"]
[Result "1-0"]
[WhiteElo "1908"]
[BlackElo "1604"]
[PlyCount "69"]
[EventDate "2013.07.13"]
[EventType "swiss"]
[EventRounds "9"]
[EventCountry "ESP"]
[SourceTitle "CBM 155 Extra"]
[Source "ChessBase"]
[SourceDate "2013.08.26"]
[SourceVersion "1"]
[SourceVersionDate "2013.08.26"]
[SourceQuality "1"]

1. e4 e5 2. f4 exf4 3. Nf3 Nc6 4. d4 Bb4+ 5. c3 Ba5 6. Bxf4 d6 7. Bc4 Nf6 8. Nbd2 0-0 9. Bb3 Re8 10. 0-0 h6 11. e5 dxe5 12. Nxe5 Nxe5 13. Bxe5 Bg4 14. Bxf6 Bxd1 15. Bxd8 Bxb3 16. Nxb3 Bxc3 17. bxc3 Raxd8 18. Rae1 b6 19. Kf2 f5 20. Rxe8+ Rxe8 21. Re1 Rc8 22. Re7 Kf8 23. Rd7 g6 24. Nd2 a6 25. Nf3 b5 26. Ke3 c5 27. d5 Re8+ 28. Kd3 Re4 29. Rd6 Rg4 30. Re6 c4+ 31. Ke3 Re4+ 32. Rxe4 fxe4 33. Kxe4 a5 34. a3 Ke7 35. Nd4 1-0

[Event "Barcelona Sant Marti op-B 15th"]
[Site "Barcelona"]
[Date "2013.07.13"]
[Round "1"]
[White "Torres Maiquez, Sergio"]
[Black "Martinez Navarro, Miguel"]
[Result "1-0"]
[WhiteElo "1908"]
[BlackElo "1641"]
[PlyCount "99"]
[EventDate "2013.07.13"]
[EventType "swiss"]
[EventRounds "9"]
[EventCountry "ESP"]
[SourceTitle "CBM 155 Extra"]
[Source "ChessBase"]
[SourceDate "2013.08.26"]
[SourceVersion "1"]
[SourceVersionDate "2013.08.26"]
[SourceQuality "1"]

1. e4 e5 2. f4 exf4 3. Nf3 g6 4. d4 Bh6 5. Bc4 d6 6. Nc3 Be6 7. Bd3 Nd7 8. 0-0 Nb6 9. Qe2 g5 10. Nd5 Bg7 11. c3 h6 12. Nxb6 axb6 13. e5 d5 14. Qc2 Ne7 15. Ne1 Qd7 16. g3 fxg3 17. hxg3 0-0 18. Ng2 f5 19. Ne3 Rf7 20. Bd2 Rc8 21. Rae1 c5 22. Qd1 c4 23. Be2 Rff8 24. Rf2 f4 25. gxf4 Rxf4 26. Rxf4 gxf4 27. Ng2 Bf5 28. Bf3 Be4 29. Bxe4 dxe4 30. Rxe4 Nd5 31. Nxf4 Rf8 32. Nxd5 Qxd5 33. Qe2 Kh7 34. Qg2 Rg8 35. Rg4 Qf7 36. Qe4+ Kh8 37. Qg6 Qxg6 38. Rxg6 Bf8 39. Rxg8+ Kxg8 40. Kg2 Kg7 41. Kf3 Kg6 42. Ke4 h5 43. d5 h4 44. Bf4 h3 45. e6 Kf6 46. Be5+ Ke7 47. Kf5 Bg7 48. d6+ Kd8 49. Bxg7 h2 50. Bf6+ 1-0

[Event "Foment Martinenc op-A 15th"]
[Site "Barcelona"]
[Date "2013.06.08"]
[Round "8"]
[White "Saez Coma, Alejandro"]
[Black "Torres Maiquez, Sergio"]
[Result "1-0"]
[WhiteElo "1991"]
[BlackElo "1936"]
[PlyCount "117"]
[EventDate "2013.04.20"]
[EventType "swiss"]
[EventRounds "9"]
[EventCountry "ESP"]
[SourceTitle "CBM 154 Extra"]
[Source "ChessBase"]
[SourceDate "2013.06.25"]
[SourceVersion "2"]
[SourceVersionDate "2013.06.25"]
[SourceQuality "1"]

1. d4 Nf6 2. Nf3 d5 3. Bf4 c6 4. Nbd2 Bf5 5. e3 e6 6. Ne5 Nbd7 7. g4 Nxe5 8. gxf5 Ned7 9. fxe6 fxe6 10. Bh3 Qe7 11. Qe2 g6 12. e4 Nh5 13. Be3 Bg7 14. 0-0-0 0-0 15. Rhg1 Nf4 16. Bxf4 Rxf4 17. exd5 e5 18. dxc6 bxc6 19. Qc4+ Kh8 20. Qxc6 Nb6 21. d5 e4 22. d6 Qf6 23. c3 Qf7 24. Nb3 Rf3 25. d7 Rd8 26. Qxe4 Rxh3 27. Nc5 Nxd7 28. Rxd7 Rxd7 29. Qa8+ Qf8 30. Qxf8+ Bxf8 31. Nxd7 Bh6+ 32. Kd1 Rxh2 33. Rf1 Bf4 34. Ke2 Kg7 35. Kf3 g5 36. Ke4 Kf7 37. Kf5 Rh3 38. Ne5+ Kg7 39. Rd1 Bxe5 40. Rd7+ Kh6 41. Kxe5 Rf3 42. Rd6+ Kh5 43. Rf6 Rd3 44. Rd6 Rf3 45. Rf6 Rd3 46. c4 Rd2 47. b4 Rxa2 48. b5 g4 49. Kd6 Kg5 50. Rf8 h5 51. c5 Rb2 52. c6 Rd2+ 53. Ke5 Re2+ 54. Kd4 Re7 55. Kc5 h4 56. Kd6 Rh7 57. c7 Rxc7 58. Kxc7 h3 59. Kb7 1-0

[Event "Foment Martinenc op-A 15th"]
[Site "Barcelona"]
[Date "2013.06.01"]
[Round "7"]
[White "Torres Maiquez, Sergio"]
[Black "Corriguelas Armillas, Frederic"]
[Result "1/2-1/2"]
[WhiteElo "1936"]
[BlackElo "2038"]
[PlyCount "32"]
[EventDate "2013.04.20"]
[EventType "swiss"]
[EventRounds "9"]
[EventCountry "ESP"]
[SourceTitle "CBM 154 Extra"]
[Source "ChessBase"]
[SourceDate "2013.06.25"]
[SourceVersion "2"]
[SourceVersionDate "2013.06.25"]
[SourceQuality "1"]

1. e4 e6 2. d4 d5 3. exd5 exd5 4. Nf3 Nf6 5. Bd3 Be7 6. Nc3 0-0 7. h3 Nbd7 8. Bf4 c6 9. 0-0 Re8 10. Re1 Nf8 11. Ne5 Ng6 12. Bh2 Bd6 13. Qd2 Qc7 14. Nf3 Bxh2+ 15. Nxh2 Bd7 16. Nf3 Rad8 1/2-1/2